00565nam a22001817a 450000500170000001000150001702000260003203500130005803700130007108200110008410000150009524500690011026000340017927000710021330000340028450000500031870000150036820151021120900.0 aENG-114062 c425.00a9788120350410 aEN-97594 bDBAD/PUB a660.63 aKhan, M.Y. aPrinciples of enzyme technology /cby M.Y. Khan [and] Farha Khan aNew DelhibPHI Learningc2015 aRimjhim House,111, Patparganj Industrial EstatebNew Delhie110092 axviii,374p.:c25cm(pbk)bill. aIncludes bibliographical references and index aFarha Khan